00503nam a22001577a 450000500170000001000150001702000250003203500130005703700130007008200110008310000250009424500920011926000580021127000500026930000260031920141128114528.0 aENG-111268 a9789350690710c70.00 aEN-94800 bDBAD/PUB a230.35 aKamaraju, Anil Kumar aDivine journey :bby Anil Kumar Kamarajuctalks given between January 2012 and May 2012 aPrasanthi NilayambSri Sathya Sai Sadhana Trustc2014 aAnantapur DistrictbPrasanthi Nilayame515134 avii, 320p.c22cm(pbk)